Statistics for Countries Closest to Mexico

Click here to take the quiz!

General Stats

  • This quiz has been taken 185 times
    (147 since last reset)
  • The average score is 18 of 20

Answer Stats

Distance Country % Correct
0 miUnited States
99%
0 miGuatemala
96%
0 miBelize
95%
679 miPanama
94%
110 miHonduras
93%
123 miCuba
93%
293 miNicaragua
93%
812 miHaiti
93%
968 miDominican Republic
93%
1135 miVenezuela
92%
128 miEl Salvador
90%
467 miCosta Rica
90%
543 miColombia
90%
568 miJamaica
90%
996 miEcuador
87%
1126 miCanada
87%
579 miBahamas
86%
1485 miPeru
80%
1575 miSt Kitts and Nevis
68%
1634 miAntigua and Barbuda
68%

Score Distribution

Percentile by Number Answered

Percent of People with Each Score

Your Score History

You have not taken this quiz since the last reset